| 000 | 02325 a2200409 4500 | ||
|---|---|---|---|
| 001 | 45878 | ||
| 005 | 20260407155731.0 | ||
| 008 | 260407a2007 arg spa d | ||
| 003 | AR-UNSa-BCEJYS | ||
| 040 |
_aAR-UNSa-BCEJYS _bspa _cAR-UNSa-BCEJYS |
||
| 080 |
_a331.5(82) _xMercado de Trabajo. Empleo en Argentina |
||
| 245 | 1 | 0 |
_aEstructura productiva y empleo _pUn enfoque transversal |
| 020 | _a978-84-96571-68-6 | ||
| 264 | 1 |
_aBuenos Aires : _bMinisterio de Trabajo, Empleo y Seguridad Social _c2007 |
|
| 300 |
_a397 p. _c23 cm. |
||
| 505 | _a1. Trayectorias laborales en la Argentina desde mediados de la décaca del noventa / Victoria Cimoli, Marta Novick y Héctor Palomino - 2. Enfoques actuales sobre el sector informal / María Antonia Gallart - 3. Comportamientos estratégicos y creación de empleo en la post-convertibilidad. El caso de las empresas de rápido crecimiento / Hugo Kantis y Juan Federico - 4. Tramas productivas y de generación de ventajas competitivas: un abordaje metodológico para pasar de la firma individual a la red / Gabriel Yoguel - 5. Tramas productivas de alta tecnología y ocupación / Roberto Bisang y Sebastián Sztulwark - 6. Ocupación y empleo en el complejo productivo lácteo en la Argentina / Graciela E. Gutman - 7. La trama automotriz, dinámica del empleo y trayectorias laborales desde mediados de los noventa / Victoria Castillo, Sofía Rojo, Sebastián Rotondo y Gabriel Yoguel - 8. Especialización productiva y empleo en Áreas Económicas Locales / Ximena Mazorra y Alejandra Beccaria - 9. Género y diferenciales de salarios en la Argentina. | ||
| 041 | _aspa | ||
| 942 | _cBK | ||
| 590 | _aniveau_biblio:m niveau_hierar:0 | ||
| 100 | 1 | _aPalomino, Héctor | |
| 700 | 1 | _aNovick, Marta | |
| 700 | 1 | _aBeccaria, Alejandra | |
| 700 | 1 | _aBisang, Roberto | |
| 700 | 1 | _aCastillo, Victoria | |
| 700 | 1 | _aCimoli, Mario | |
| 700 | 1 | _aEsquivel, Valeria | |
| 700 | 1 | _aFederico, Juan | |
| 700 | 1 | _aGallart, María Antonia | |
| 700 | 1 | _aGutman, Graciela E. | |
| 700 | 1 | _aKantis, Hugo | |
| 700 | 1 | _aMazorra, Ximena | |
| 700 | 1 | _aRojo, Sofía | |
| 700 | 1 | _aRotondo, Sebastián | |
| 700 | 1 | _aSztulwark, Sebastián | |
| 700 | 1 | _aYoguel, Gabriel | |
| 856 | 4 | 1 |
_uhttps://www.biblioeco.unsa.edu.ar/pmb/images/libros/L127220.jpg _yImagen de portada _qimage/jpeg |
| 999 |
_c4046 _d4046 |
||